Криниця (Запис № 17368)
[ простий вигляд ]
| 000 -Маркер запису | |
|---|---|
| Контрольне поле сталої довжини | 01674nam a22002537a 4500 |
| 003 - Належність контрольного номера | |
| Контрольне поле | Uzh_bibl |
| 008 - Кодовані дані | |
| Контрольне поле сталої довжини | 260417b |||||||| |||| 00| 0 ukr d |
| 020 ## - Індекс ISBN | |
| Ціна | 9,00 |
| 040 ## - Джерело каталогіз. | |
| Код мови каталог. | укр. |
| 041 ## - Код мови видання | |
| Код мови оригіналу | українська |
| Код мови тексту | українська |
| 080 ## - Індекс УДК | |
| Індекс УДК | 821.161.2 |
| 090 ## - Шифри | |
| Поличний індекс | 821.161.2 |
| Авторський знак | Л-15 |
| 100 ## - Автор | |
| Автор | Ладижець, Володимир |
| 245 ## - Назва | |
| Назва | Криниця |
| Відповідальність | Худож. Н.С. Пономаренко |
| Фізичний носій | Текст |
| 260 ## - Вихідні дані | |
| Місце видання | Ужгород |
| Видавництво | "Карпати" |
| Дата видання | 1987 |
| 300 ## - Фізичний опис | |
| Обсяг | 93 с. |
| Ілл./тип відтвор. | іл. |
| Тип одиниці | В опр. |
| 520 ## - Анотація | |
| Анотація | До книги ввійшли кращі дитячі вірші автора. Маленькі герої його творів — не споглядачі праці дорослих, а завжди її активні учасники: вони копають грядки, вирощують овочі і квіти, допомогають старшим працювати на тракторі, розчищають снігові замети на дорогах, ремонтують одяг — усього не перелічиш. Усі вони, відкриваючи світ, осягаючи його первозданність, вчаться любові до отчої землі — до Батьківщини. |
| 521 ## - Примітка про цільове призначення | |
| Примітка про цільове призначення | Для широкого кола читачів |
| 546 ## - Примітка про мову | |
| Примітка про мову | укр. |
| 650 ## - Тематичні рубрики | |
| Основна рубрика | Літературно-художнє видання |
| Основна підрубрика | Літературно-художнє видання |
| 653 ## - Ключові слова | |
| Ключові слова | Телеграма |
| -- | Вітер |
| -- | Млин |
| 655 ## - Термін індексування — жанр/форма | |
| Жанр/форма | Художня література |
| Типове ділення | Вірші, небилиці, пригоди, казочки і казки |
| 942 ## - ADDED ENTRY ELEMENTS (KOHA) | |
| Джерело класифікації чи схема поличного розташування | |
| Koha item type | Книги |
| Статус вилучення | Статус втрати/відсутності | Джерело класифікації чи схема поличного розташування | Статус пошкодження | Тип обігу (не для випозичання) | Постійне розташування | Поточне розташування | Розташування у відділі | Дата надходження | Інвентарний номер | Total Checkouts | Повний (примірниковий) шифр зберігання | Штрих-код | Date last seen | Дата, для якої чинна ціна заміни | Тип одиниці (рівень примірника) |
|---|---|---|---|---|---|---|---|---|---|---|---|---|---|---|---|
| Бібліотека-філія №2 | Бібліотека-філія №2 | Абонемент молодший відділ | 17/04/2026 | 54469 | 821.161.2 | 19679 | 17/04/2026 | 17/04/2026 | Книги |